Elbląg i okolice na starych pocztówkach
| Titel: | Elbląg i okolice na starych pocztówkach : reprodukcje 811 dawnych pocztówek |
|---|---|
| Verfasser: | |
| Beteiligt: | |
| Veröffentlicht: | Elbląg : Wydawnictwo "Uran, 2012 |
| Umfang: | 455, [1] s : überw. Ill., Kt.-Beil. ; 25 cm |
| Format: | Buch |
| Sprache: | Polnisch |
| ISBN: | 8360138443 ; 9788360138441 |
| Hinweise zum Inhalt: |
Inhaltsverzeichnis
|
alg: 34105824 001A $03004:11-06-14 001B $01999:09-06-23 $t21:43:52.000 001C $03004:11-06-14 $t09:36:04.000 001D $03004:11-06-14 001U $0utf8 001X $00 002@ $0Aau 003@ $0341058246 003O $0867948392 $aOCoLC 004A $083-60138-44-3 004A $A978-83-60138-44-1 007A $0341058246 $aHEB 007G $0DE0202C4FD606EF391D23C1257CFA004E33FB 009P $qapplication/pdf $A2 $3Inhaltsverzeichnis $uhttp://scans.hebis.de/HEBCGI/show.pl?34105824_toc.pdf $mV:DE-603;B:DE-Mb50 010@ $apol 011@ $a2012 021A $a@Elbląg i okolice na starych pocztówkach $dreprodukcje 811 dawnych pocztówek 028A $7 $8Zajchowski, Zbigniew [Tnu] $9341058149 028B/01 $7 $8Medyński, Bogdan [Tnu] $9341058165 033A $pElbląg $nWydawnictwo "Uran 034D $a455, [1] s 034I $a25 cm 034M $aüberw. Ill., Kt.-Beil. 037A $aPharus Plan Elbing w opasce 044K $RElbing $#Elbing $#Elbing Elbląg $71028071-6 $8Elbląg [Tg1] $9042042631 044K $RPostsendung $#Postcards $#Cartes postales $#Cartoline $#Tarjetas postales $#Postkarten $74046902-5 $8Postkarte [Ts1] $9085130915 045F $a709.43832 $eDDC23BSB 045F/01 $a709 045F/03 $g43832 lok: 34105824 24 101B $011-06-14 $t13:35:24.000 101C $011-06-14 101U $0utf8 145Z/01 $a6 8 E 1 145Z/02 $a6 9 G 145Z/03 $a6 4 J exp: 34105824 24 1 #EPN 201B/01 $011-06-14 $t13:35:24.000 201C/01 $011-06-14 201U/01 $0utf8 203@/01 $0732929830 208@/01 $a11-06-14 $bz 209A/01 $a14.05629 $du $f050 $h14 05629 $x00 209C/01 $a14.05629 T $h14 05629 T 209G/01 $a73268435 $x00 220C/01 $ajwa 247C/01 $8358050-7Marburg, Bibliothek des Herder-Instituts Marburg $9102600961 lok: 34105824 66 exp: 34105824 66 1 #EPN 201B/01 $018-02-16 $t16:27:48.000 201C/01 $018-02-16 201U/01 $0utf8 203@/01 $0768626706 208@/01 $a18-02-16 $bz 209A/01 $aVk Elb/Z $du $f000 $x00 209C/01 $a16/b226G 247C/01 $8618123-5 Darmstadt, Bibliothek des Deutschen Polen-Instituts $9102600902 lok: 34105824 78 exp: 34105824 78 1 #EPN 201B/01 $021-10-21 $t09:52:08.000 201C/01 $021-10-21 201U/01 $0utf8 203@/01 $01171277237 208@/01 $a21-10-21 $be 209A/01 $a/ $f000 $x00 209A/01 $ab*p $x01 220C/01 $aeja 244Z/01 $#Generalgouvernement Polen $#Polska $#Rzeczpospolita Polska $#Polska Rzeczpospolita Ludowa $#Poland $#Pologne $#République Polonaise $#Generalne Gubernatorstwo w Polsce $#Polish People's Republic $#Polska Rzeczpospolita Polen $#PRL $#RP $#Polen Generalgouvernement $#Polska Generalgouvernement $#Besetzte Polnische Gebiete $#Besetztes Gebiet in Polen $#Okupowane Polskie Obszary $#Obszary Okupowane w Polsce $#Volksrepublik Polen $#Polska Rosyjska $#Republic Polen $#Respublika Pol'ša $#Pol'skaja Narodnaja Respublika $#République de Pologne $#Polen Links der Weichsel $#Polska po Lewej Stronie Wisły $#Lenkija $#Polija $#Gubernija Carstva Pol'skago $#Republik Polen $74046496-9 $8--Tg1--Polen $x01 $9085129801 244Z/01 $#Westpreußen $#Königlich-Preußen $#Polnisch-Preußen $#Königliches Preußen $74079244-4 $8--Tg1--Westpreußen $x17 $908522510X 247C/01 $82080>Marburg/Lahn, Herder-Institut, Forschungsbibliothek, Bibliographieportal $9336309341
| LEADER | 00000cam a2200000 c 4500 | ||
|---|---|---|---|
| 001 | 341058246 | ||
| 003 | DE-603 | ||
| 005 | 20230609214352.0 | ||
| 007 | tu | ||
| 008 | 140611s2012 xx |||| | u00||u|pol c | ||
| 020 | |a 8360138443 | ||
| 020 | |a 9788360138441 | ||
| 035 | |a (DE-599)HEB341058246 | ||
| 035 | |a (OCoLC)867948392 | ||
| 040 | |a DE-603 |b ger |c DE-603 |d DE-603 | ||
| 041 | |a pol | ||
| 082 | 0 | 4 | |8 1\u |a 709.43832 |q DE-101 |2 23/BSB |
| 085 | |8 1\u |b 709 | ||
| 085 | |8 1\u |z 2 |s 43832 | ||
| 100 | 1 | |a Zajchowski, Zbigniew |0 (DE-603)341058149 | |
| 245 | 0 | 0 | |a Elbląg i okolice na starych pocztówkach |b reprodukcje 811 dawnych pocztówek |
| 264 | 1 | |a Elbląg |b Wydawnictwo "Uran |c 2012 | |
| 300 | |a 455, [1] s |b überw. Ill., Kt.-Beil. |c 25 cm | ||
| 500 | |a Pharus Plan Elbing w opasce | ||
| 650 | 7 | |a Postkarte |0 (DE-588)4046902-5 |0 (DE-603)085130915 |2 gnd | |
| 651 | 7 | |a Elbląg |0 (DE-588)1028071-6 |0 (DE-603)042042631 |2 gnd | |
| 700 | 1 | |a Medyński, Bogdan |0 (DE-603)341058165 | |
| 856 | 4 | 2 | |m V:DE-603;B:DE-Mb50 |q application/pdf |u http://scans.hebis.de/HEBCGI/show.pl?34105824_toc.pdf |3 Inhaltsverzeichnis |
| 924 | 0 | |9 Mb 50 |a (DE-603)732929830 |b DE-Mb50 |c HES |d c |g 14.05629 | |
| 924 | 0 | |9 Ds 123 |a (DE-603)768626706 |b DE-Ds123 |c HES |d d |g Vk Elb/Z | |
| 924 | 0 | |9 2080 |a (DE-603)1171277237 |b DE-2080 |c HES |d d |g / | |


